| 000 | 00607nmc a2200229 a 4500 | ||
|---|---|---|---|
| 003 | AR-BaBNM | ||
| 005 | 20251128211549.0 | ||
| 008 | 264120s1997 ||||||||||||||000 | spa|| | ||
| 020 | _a950-810-102-4 | ||
| 040 | _cAR-BaBNM | ||
| 100 | 1 | _aPonce, Ana María | |
| 245 | 1 | 0 |
_aCuentos a cuadritos _bpara los más pequeñitos |
| 260 |
_aBuenos Aires _bOriente _c1997 |
||
| 300 | 0 |
_a195 p. _bil. |
|
| 490 | 0 | _aCuentos y rimas con sol | |
| 650 | 4 | _aLIBROS PARA NINOS | |
| 650 | 4 | _aACTIVIDADES DE APRENDIZAJE | |
| 650 | 4 | _aACTIVIDADES ESCOLARES | |
| 655 | _aLITERATURA | ||
| 942 | _cBK | ||
| 998 | _cEugenia | ||
| 999 |
_c20197 _d20197 |
||